|
|
|
|
| LEADER |
00000nam a2200000 a 4500 |
| 001 |
vtls008183686 |
| 003 |
SK-MaSNL |
| 005 |
20260224030352.0 |
| 008 |
050712 000 0 eng |
| 040 |
|
|
|a SNK
|b slo
|c SNK
|e AACR2
|
| 245 |
1 |
|
|a A Sasvári Háromszázados Nagy Bucsu - Járat
|
| 260 |
|
|
|a Nagyszombatban
|b Nyomatott Winter Zsigmond Betüvel
|c 1864
|
| 300 |
|
|
|a 222 s.
|
| 999 |
|
|
|c 820109
|d 822039
|
| 952 |
|
|
|a SNK
|b SNK
|y PREZ
|7 0
|p 17A0738491
|o snkSC 1485
|0 0
|1 0
|4 0
|d 2011-11-21
|l 0
|r 2025-06-11 00:00:00
|w 2026-02-24
|
| 952 |
|
|
|a SNK
|b SNK
|y VYP
|7 0
|p 17A0478144
|o snkSC 1485 D1
|i snkKSF 4358/56
|3 Rekatalogizácia
|0 0
|1 0
|4 0
|d 2005-07-12
|l 0
|r 2026-02-24 03:03:52
|w 2026-02-24
|
| 952 |
|
|
|a SNK
|b SNK
|y VYP
|7 0
|p 17A0478105
|o snkSC 1485 D2
|i snkKSF 258/56
|3 Rekatalogizácia
|0 0
|1 0
|4 0
|d 2005-07-12
|l 0
|r 2026-02-24 03:03:52
|w 2026-02-24
|
| 952 |
|
|
|a SNK
|b SNK
|y VYP
|7 0
|p 17A0478323
|o snkSC 1485 D3
|i snk920/32
|3 Rekatalogizácia
|0 0
|1 0
|4 0
|d 2005-07-12
|l 0
|r 2026-02-24 03:03:52
|w 2026-02-24
|